Score 0/30 Timer 05:00
1 Play Today
% Correct
Dentist
88.9%
Chef
87.8%
Tailor
87.7%
Writer
86.7%
Mayor
86.7%
Horticulturist
86.2%
Queen
83.4%
Athlete
83.1%
Maid
82.6%
Architect
82.3%
Geologist
77.5%
Teacher
76.9%
Rabbi
75.4%
Guard
73%
Astronaut
73%
% Correct
Zoologist
72.2%
Clerk
71.8%
Butcher
71.1%
Nurse
67.3%
Pilot
66.7%
Sculptor
63.5%
Optometrist
63.1%
Plumber
62.8%
Obstetrician
60%
Veterinarian
59.5%
Entrepreneur
50.6%
Caterer
49.8%
Butler
49.8%
Caddie
48.2%
Usher
37.8%
Remove Ads.
Support Sporcle.
Get the best of Sporcle when you Go Orange. This ad-free experience offers more features, more stats, and more fun while also helping to support Sporcle. Thank you for becoming a member.

You're not logged in!

Compare scores with friends on all Sporcle quizzes.
OR
Log In

Show Comments

Extras

Top Quizzes Today


Score Distribution

Your Account Isn't Verified!

In order to create a playlist on Sporcle, you need to verify the email address you used during registration. Go to your Sporcle Settings to finish the process.

Report this User

Report this user for behavior that violates our Community Guidelines.

Details: